000 00310nam a22001337a 4500
008 170203b xxu||||| |||| 00| 0 eng d
020 _a9781416038542
041 _aeng
080 _25TH
_a61
100 _a3
101 _aSHM
245 _aPHYSICAL EXAMINATION & HEALTH ASSESSMENT
_cJARVIS, C
942 _2udc
_cBK
999 _c4540
_d4540